The U.S. Supreme Court and new federalism : from the Rehnquist to the Roberts court /

Bibliographic Details
Main Author: Banks, Christopher P.
Other Authors: Blakeman, John C., 1966-
Format: Book
Language:English
Published: Lanham, Md. : Rowman & Littlefield Publishers, [2012]
Subjects:

MARC

Tag First Indicator Second Indicator Subfields
LEADER 00000cam a2200000 a 4500
001 in00002786786
005 20151202171642.0
008 120406s2012 mdua b 001 0 eng
010 |a  2012014424 
020 |a 9780742535046 (cloth : alk. paper) 
020 |a 0742535045 (cloth : alk. paper) 
020 |a 9781442218581 (electronic) 
020 |a 1442218584 (electronic) 
035 |a (OCoLC)ocn788295025 
040 |a DLC  |c DLC  |d UtOrBLW 
043 |a n-us--- 
049 |a TXAM 
050 0 0 |a KF4600  |b .B36 2012 
082 0 0 |a 320.473/049  |2 23 
100 1 |a Banks, Christopher P. 
245 1 4 |a The U.S. Supreme Court and new federalism :  |b from the Rehnquist to the Roberts court /  |c Christopher P. Banks and John C. Blakeman. 
246 3 |a United States Supreme Court and new federalism 
264 1 |a Lanham, Md. :  |b Rowman & Littlefield Publishers,  |c [2012] 
264 4 |c ©2012 
300 |a xiii, 348 pages :  |b illustrations ;  |c 24 cm. 
336 |a text  |b txt  |2 rdacontent 
337 |a unmediated  |b n  |2 rdamedia 
338 |a volume  |b nc  |2 rdacarrier 
504 |a Includes bibliographical references and index. 
505 0 |a "A notably conservative court?" -- Federalism politics and policies : old, new, and progressive trends -- The Rehnquist court, new federalism, and states' rights -- Federalism, Justice Clarence Thomas, and religious freedom in the states -- Federalism and globalization -- The Roberts court and new federalism. 
650 0 |a Federal government  |z United States. 
650 0 |a Federal government  |z United States  |x Philosophy. 
650 0 |a Constitutional law  |z United States  |x Interpretation and construction. 
650 0 |a Conservatism  |z United States. 
610 1 0 |a United States.  |b Supreme Court. 
700 1 |a Blakeman, John C.,  |d 1966- 
945 |a PromptCat 
946 |a stk 
947 |a A14836011272 
948 |a cataloged  |b h  |c 2012/12/19  |d c  |e dmitchel  |f 2:00:00 pm 
994 |a 92  |b TXA 
999 |a MARS 
999 f f |s 1867daf4-ae88-3e4d-bfe4-33c83e40a5d1  |i 0f915c16-e35b-3165-af74-2be60f54110b  |t 0 
952 f f |p normal  |a Texas A&M University  |b College Station  |c Sterling C. Evans Library  |s Evans stk  |d Evans: Library Stacks  |t 0  |e KF4600 .B36 2012  |h Library of Congress classification  |i unmediated -- volume  |m A14836011272 
998 f f |a KF4600 .B36 2012  |t 0  |l Evans: Library Stacks